| 000 | 00523nam a2200169Ia 4500 | ||
|---|---|---|---|
| 008 | 090201s9999 xx 000 0 und d | ||
| 010 | _aKPL-50307 | ||
| 040 | _bमराठी | ||
| 041 | _aमराठी | ||
| 082 |
_a6925 _b50307 |
||
| 100 | _aनीला चांदारेकर | ||
| 245 |
_aजीवनदाता _cनीला चांदारेकर |
||
| 260 |
_c2004 _bआरती प्रकाशन |
||
| 300 |
_a218 _bमोठा |
||
| 600 | _aजीवनदाता | ||
| 942 | _cBOOK | ||
| 999 |
_c207710 _d207710 |
||